| 000 | 01399 a2200253 4500 | ||
|---|---|---|---|
| 001 | 22951 | ||
| 005 | 20260407155518.0 | ||
| 008 | 260407a1997 arg spa d | ||
| 003 | AR-UNSa-BCEJYS | ||
| 040 |
_aAR-UNSa-BCEJYS _bspa _cAR-UNSa-BCEJYS |
||
| 080 |
_a347 _xDerecho Civil |
||
| 245 | 1 | 0 | _aDerecho Privado |
| 020 | _a950-20-0525-2 | ||
| 250 | _a3a. ed | ||
| 264 | 1 |
_aBuenos Aires : _bAbeledo Perrot _c1997 |
|
| 300 |
_a2 v.(428 ; 382 p,) _c23 cm. |
||
| 505 | _aParte I : 1. El derecho - 2. La ley - 3.Personas - 4. La materia comercial. El comerciante - 5. Actos de Comercio - 6. Personas Jurídicas - 7. El patrimonio - 8. Hechos y actos jurídicos - 9. Vicios. Nulidad. Extinción -- Parte II : Derechos Reales : 10. Derechos Reales (en general y sobre la cosa propia) - 11. Derechos reales sobre la cosa ajena (1ra Parte) - 12. Otros derechos reales de garantía. Publicidad - Parte III : Derecho de Familia : 13. La familia - Parte IV : Sucesiones : 14. La Transmisión hereditaria. Sucesión intestada - 15. Indivisión y partición de la herencia. Sucesión testamentaria. | ||
| 942 | _cBK | ||
| 590 | _aniveau_biblio:m niveau_hierar:0 | ||
| 100 | 1 | _aAlterini, Atilio Aníbal | |
| 700 | 1 | _aLombardi, César Alfredo | |
| 700 | 1 | _aSalvatori Reviriego, Gustavo | |
| 856 | 4 | 1 |
_uhttps://biblioeco.unsa.edu.ar/pmb/images/libros/Derecho Privado(l87812).jpg _yImagen de portada _qimage/jpeg |
| 999 |
_c1065 _d1065 |
||